Sporcle Category Grab Bag A-Z Quiz Stats

 Plays Quiz Updated Aug 6, 2018

Challenge
Share
Tweet
Embed
Score 0/52 Timer 10:00
16 Plays Today
% Correct
king
94.5%
leg
94.5%
knight
89.3%
femur
88.9%
hungry
87.7%
Virginia
86.6%
Rachel
86.5%
Aries
84.7%
Vermont
84.3%
Ross
83%
hamper
81.6%
carrot
81.3%
lip
80.5%
nitrogen
80%
Bush
79.6%
golden rings
76.5%
neon
75.5%
Pride and Prejudice
71.3%
epsilon
69.2%
Thomas
68.5%
Aquarius
66.7%
geese a laying
63.9%
Manchester United
62.9%
Ukraine
60.5%
fibula
60.5%
Octopussy
59.7%
% Correct
Jakarta
58%
eta
57.9%
Xin
57.2%
special sauce
56.3%
celery
56.2%
Uzbekistan
53.2%
sesame seed bun
52.5%
Wizards
50.6%
Buchanan
48%
Donnie
47.5%
Yesterday
46.2%
Yellow Submarine
44.5%
Manchester City
41.3%
Danny
40.8%
Warriors
34.6%
In the Heat of the Night
34.5%
quintillion
32.7%
quadrillion
29.1%
Xia
25.6%
On Her Majesty's Secret Service
21.1%
Jerusalem
20.4%
It Happened One Night
19.8%
Zechariah
18%
Persuasion
17.8%
Thaddeus
13.8%
Zephaniah
12.7%

You're not logged in!

Compare scores with friends on all Sporcle quizzes.
Join for Free
OR
Log In

You Might Also Like...

Show Comments

Extras

Top Quizzes Today


Score Distribution

Your Account Isn't Verified!

In order to create a playlist on Sporcle, you need to verify the email address you used during registration. Go to your Sporcle Settings to finish the process.

Report this User

Report this user for behavior that violates our Community Guidelines.

Details: